000 00627nam a2200229 i 4500
001 C2-0232618
003 PPAK
005 20180728085819.0
008 010130s1944 nyu |||| ||||| | eng d
040 _aPPAK
_beng
_cPPAK
_erda
082 0 4 _a808.83
_223
090 0 0 _a808.83
_bGAR
_dKSI
100 1 _aGardner, Erle Stanley,
_eauthor
245 1 4 _aThe case of the black-eyed blonde
264 1 _aNew York :
_bPocket Books ,
_c1944
300 _a196 pages ;
_c16 cm
336 _2rdacontent
_atext
337 _2rdamedia
_aunmediated
338 _2rdacarrier
_avolume
650 1 0 _aShort stories, English
942 _ddc
_cB
999 _c151773
_d151773